[Event "Moravia-Silesia Region-chT 2223"]
[Site "Czech Republic"]
[Date "2023.01.29"]
[Round "7"]
[White "Stampovsky, Libor"]
[Black "Vicha, Martin"]
[Result "1-0"]
[WhiteElo "1825"]
[BlackElo "1928"]
[PlyCount "109"]
[EventDate "2022.10.09"]
[EventType "team-tourn"]
[EventRounds "11"]
[EventCountry "CZE"]
[SourceTitle "EXT 2024"]
[Source "ChessBase"]
[SourceDate "2023.10.10"]
[SourceVersion "1"]
[SourceVersionDate "2023.10.10"]
[SourceQuality "1"]
[WhiteTeam "Petrovice Inter"]
[BlackTeam "Opava Slezan"]
[WhiteTeamCountry "CZE"]
[BlackTeamCountry "CZE"]

1. d4 Nf6 2. Nc3 d5 3. e4 Nxe4 4. Nxe4 dxe4 5. Be3 Nd7 6. f3 exf3 7. Nxf3 g6 8. Qd2 Nf6 9. 0-0-0 Bg4 10. Be2 Bxf3 11. Bxf3 c6 12. Rhe1 a5 13. Bh6 Qc7 14. Bxf8 Rxf8 15. Qe2 e6 16. g3 0-0-0 17. Qc4 h5 18. Re5 Rd6 19. Qa4 b5 20. Qa3 Rfd8 21. c3 Nd5 22. c4 bxc4 23. Qc5 Kd7 24. Qxc4 Rb8 25. a3 Qb6 26. Rd2 Kd8 27. Rc2 Rc8 28. Kb1 Rd7 29. Qd3 Qb5 30. Qd2 Qf1+ 31. Bd1 Ra7 32. Re1 Qa6 33. Qg5+ Ne7 34. Qf6 Ke8 35. Rf2 Nf5 36. Bc2 Re7 37. Bxf5 gxf5 38. Qh8+ Kd7 39. Qxh5 Rb8 40. Rd2 Rb5 41. Qf3 Re8 42. g4 fxg4 43. Qxg4 Rf5 44. Qg2 Rh8 45. Rc1 Rh4 46. Rdc2 Rxd4 47. Rxc6 Qd3+ 48. Ka1 Ke7 49. Qg8 Rd7 50. Rc8 Qh3 51. Qe8+ Kf6 52. Qxd7 Qxh2 53. Qd8+ Kg7 54. Qd4+ e5 55. Qg4+ 1-0

[Event "CZE-chT2F 1819"]
[Site "Czech Republic"]
[Date "2018.11.18"]
[Round "3.7"]
[White "Kaminsky, Rudolf"]
[Black "Vicha, Martin"]
[Result "1/2-1/2"]
[WhiteElo "2029"]
[BlackElo "1975"]
[PlyCount "36"]
[EventDate "2018.10.14"]
[EventType "team-tourn"]
[EventRounds "11"]
[EventCountry "CZE"]
[SourceTitle "EXT 2022"]
[Source "ChessBase"]
[SourceDate "2021.10.06"]
[SourceVersion "1"]
[SourceVersionDate "2021.10.06"]
[SourceQuality "1"]
[WhiteTeam "Havirov Slovan"]
[BlackTeam "Opava KVS"]
[WhiteTeamCountry "CZE"]
[BlackTeamCountry "CZE"]

1. c4 c6 2. d4 d5 3. Nc3 Nf6 4. Nf3 Bf5 5. cxd5 Nxd5 6. Qb3 b6 7. g3 Nxc3 8. Qxc3 Be4 9. Bg2 e6 10. 0-0 Nd7 11. Bg5 Be7 12. Bxe7 Qxe7 13. d5 cxd5 14. Qxg7 Qf6 15. Qxf6 Nxf6 16. Rfc1 Bxf3 17. Bxf3 Kd7 18. Rc3 Rac8 1/2-1/2

[Event "CZE-chT1E 1718"]
[Site "Czech Republic"]
[Date "2017.11.26"]
[Round "3.2"]
[White "Vicha, Martin"]
[Black "Senkyr, Martin"]
[Result "1/2-1/2"]
[WhiteElo "1977"]
[BlackElo "2123"]
[PlyCount "35"]
[EventDate "2017.10.22"]
[EventType "team-tourn"]
[EventRounds "11"]
[EventCountry "CZE"]
[SourceTitle "EXT 2019"]
[Source "ChessBase"]
[SourceDate "2018.10.10"]
[SourceVersion "1"]
[SourceVersionDate "2018.10.10"]
[SourceQuality "1"]
[WhiteTeam "Opava KVS"]
[BlackTeam "Hostalkova"]
[WhiteTeamCountry "CZE"]
[BlackTeamCountry "CZE"]

1. e4 c5 2. c4 e6 3. Nc3 a6 4. g3 b6 5. Bg2 Bb7 6. Nge2 Qc7 7. b3 h5 8. h3 Be7 9. d3 d6 10. Bb2 Bf6 11. Qd2 Nc6 12. 0-0-0 Nge7 13. f4 0-0-0 14. Kb1 Nd4 15. Rdf1 Nec6 16. Nxd4 cxd4 17. Ne2 e5 18. f5 1/2-1/2

[Event "Ostrava Konik op-B"]
[Site "Ostrava"]
[Date "2011.05.06"]
[Round "7"]
[White "Zemkova, Klara"]
[Black "Vicha, Martin"]
[Result "1/2-1/2"]
[WhiteElo "1491"]
[BlackElo "1923"]
[PlyCount "77"]
[EventDate "2011.04.30"]
[EventType "swiss"]
[EventRounds "9"]
[EventCountry "CZE"]
[SourceTitle "CBM 142 Extra"]
[Source "ChessBase"]
[SourceDate "2011.06.27"]
[SourceVersion "1"]
[SourceVersionDate "2011.06.27"]
[SourceQuality "1"]

1. e4 b6 2. Bc4 e6 3. d4 Bb7 4. Nc3 Bb4 5. d5 Bxc3+ 6. bxc3 Nf6 7. dxe6 fxe6 8. f3 0-0 9. Ne2 Kh8 10. 0-0 Nc6 11. Nd4 Ne5 12. Bd3 c5 13. Nb5 d5 14. Bf4 Ng6 15. Bd6 Rf7 16. e5 Ne8 17. Bxg6 hxg6 18. Qd3 a6 19. Qxg6 Kg8 20. Bc7 Nxc7 21. Nd6 Qe7 22. Nxb7 Nb5 23. a4 Nxc3 24. Nd6 Rf4 25. a5 b5 26. Qd3 d4 27. g3 Rff8 28. Qg6 Rad8 29. f4 Rxd6 30. exd6 Qxd6 31. Rfe1 Rf6 32. Qe8+ Kh7 33. Re5 Nd5 34. Rae1 Ne3 35. c3 Rh6 36. Rh5 b4 37. Rxh6+ Kxh6 38. g4 Qd5 39. g5+ 1/2-1/2

[Event "Ostrava Konik op-B"]
[Site "Ostrava"]
[Date "2011.05.02"]
[Round "3"]
[White "Marek, Jiri1111"]
[Black "Vicha, Martin"]
[Result "1-0"]
[WhiteElo "1997"]
[BlackElo "1923"]
[PlyCount "103"]
[EventDate "2011.04.30"]
[EventType "swiss"]
[EventRounds "9"]
[EventCountry "CZE"]
[SourceTitle "CBM 142 Extra"]
[Source "ChessBase"]
[SourceDate "2011.06.27"]
[SourceVersion "1"]
[SourceVersionDate "2011.06.27"]
[SourceQuality "1"]

1. e4 e5 2. Nf3 d6 3. d4 exd4 4. Bc4 Be6 5. Bxe6 fxe6 6. Nxd4 e5 7. Ne6 Qe7 8. Nxf8 Qxf8 9. 0-0 Nf6 10. f4 Nbd7 11. Nc3 0-0-0 12. Be3 Kb8 13. f5 Qf7 14. Qf3 Qh5 15. Qxh5 Nxh5 16. g4 Nhf6 17. h3 h6 18. Rad1 b6 19. Kg2 Kb7 20. Kf3 Rdf8 21. h4 h5 22. g5 Ng4 23. Bg1 Rf7 24. Kg2 Nc5 25. b4 Nd7 26. Nd5 Re8 27. c4 c6 28. Nc3 Kc7 29. Rd2 Nb8 30. Rfd1 Rd7 31. a4 Red8 32. Kf3 Na6 33. b5 Nc5 34. bxc6 Kxc6 35. Bxc5 Kxc5 36. Rd5+ Kc6 37. a5 bxa5 38. Rxa5 Rb8 39. Ra6+ Rb6 40. Rda1 Rdb7 41. Nb5 Kc5 42. R6a4 Rc6 43. Rd1 a6 44. Rd5+ Kb6 45. Nxd6 Ra7 46. Rb4+ Kc7 47. c5 a5 48. Nb5+ Kb7 49. Nxa7+ Kxa7 50. Rd7+ Ka8 51. Rb5 Ra6 52. Rdb7 1-0

[Event "Ostrava Konik op-B"]
[Site "Ostrava"]
[Date "2011.05.01"]
[Round "2"]
[White "Vicha, Martin"]
[Black "Volcik, Milan"]
[Result "1-0"]
[WhiteElo "1923"]
[BlackElo "1619"]
[PlyCount "53"]
[EventDate "2011.04.30"]
[EventType "swiss"]
[EventRounds "9"]
[EventCountry "CZE"]
[SourceTitle "CBM 142 Extra"]
[Source "ChessBase"]
[SourceDate "2011.06.27"]
[SourceVersion "1"]
[SourceVersionDate "2011.06.27"]
[SourceQuality "1"]

1. d4 Nf6 2. Nf3 g6 3. c4 d6 4. Nc3 Bg7 5. e4 0-0 6. Rb1 c6 7. Be2 Bg4 8. Be3 Nbd7 9. Qc2 Bxf3 10. gxf3 e5 11. Rd1 Qc7 12. h4 h5 13. f4 exf4 14. Bxf4 b6 15. c5 bxc5 16. dxc5 Rfe8 17. Bxd6 Qa5 18. Kf1 Nxc5 19. e5 Nh7 20. Bc4 Ne6 21. Qe4 Rac8 22. Rg1 Bh6 23. Rxg6+ fxg6 24. Qxg6+ Bg7 25. Bxe6+ Kh8 26. Bf5 Qa6+ 27. Bd3 1-0

[Event "Ostrava op"]
[Site "Ostrava"]
[Date "2009.05.02"]
[Round "1"]
[White "Vicha, Martin"]
[Black "Klecka, Ivo"]
[Result "1-0"]
[WhiteElo "1880"]
[BlackElo "1645"]
[PlyCount "59"]
[EventDate "2009.05.02"]
[EventType "swiss"]
[EventRounds "9"]
[EventCountry "CZE"]
[SourceTitle "EXT 2011"]
[Source "ChessBase"]
[SourceDate "2010.11.26"]
[SourceVersion "1"]
[SourceVersionDate "2010.11.26"]
[SourceQuality "1"]

1. d4 c5 2. d5 d6 3. e4 e5 4. g3 f5 5. Bg2 Nf6 6. Nc3 Be7 7. Qd3 0-0 8. Nge2 Na6 9. a3 Nc7 10. exf5 c4 11. Qxc4 Bxf5 12. 0-0 Bxc2 13. Nb5 Nxb5 14. Qxc2 Rc8 15. Qd3 Qd7 16. h4 Nc7 17. Nc3 a6 18. Bg5 Nce8 19. Ne4 h6 20. Bxf6 Nxf6 21. Nxf6+ Bxf6 22. Kh2 Qe7 23. Bh3 Rc7 24. Rae1 Kh8 25. f4 Qd8 26. Qg6 Bxh4 27. Bf5 Bxg3+ 28. Kxg3 exf4+ 29. Kh3 Rxf5 30. Re8+ 1-0

[Event "Moravia-Silesia Region-chT 0708"]
[Site "Czech Republic"]
[Date "2008.02.24"]
[Round "8.7"]
[White "Vicha, Martin"]
[Black "Stracanek, Vladimir"]
[Result "1/2-1/2"]
[WhiteElo "1947"]
[BlackElo "1924"]
[PlyCount "76"]
[EventDate "2007.10.28"]
[EventType "team-tourn"]
[EventRounds "11"]
[EventCountry "CZE"]
[SourceTitle "EXT 2024"]
[Source "ChessBase"]
[SourceDate "2023.10.10"]
[SourceVersion "1"]
[SourceVersionDate "2023.10.10"]
[SourceQuality "1"]

1. e4 e5 2. Bc4 Nc6 3. a3 Nf6 4. d3 Be7 5. Nc3 d6 6. Bg5 Nd4 7. Bxf6 Bxf6 8. Nge2 Ne6 9. Nd5 0-0 10. Nxf6+ Qxf6 11. Qd2 c6 12. f3 Nc7 13. 0-0-0 a5 14. f4 Bg4 15. Rdf1 d5 16. exd5 cxd5 17. fxe5 Qxe5 18. d4 Qe7 19. Bd3 Bxe2 20. Bxe2 b5 21. Bd3 b4 22. a4 Ne6 23. Bf5 Rac8 24. Re1 Rc6 25. Re5 Rd8 26. Rhe1 g6 27. Bxe6 Rxe6 28. Rxe6 fxe6 29. b3 Qf6 30. Qe3 Re8 31. Re2 Qg7 32. h4 h6 33. Kb2 Kh7 34. g3 Rc8 35. Qxe6 Qxd4+ 36. Ka2 Rc7 37. g4 Qd1 38. Kb2 Qd4+ 1/2-1/2

[Event "Moravia-Silesia Region-chT 0708"]
[Site "Czech Republic"]
[Date "2008.01.20"]
[Round "6.6"]
[White "Blecha, Zdenek"]
[Black "Vicha, Martin"]
[Result "1-0"]
[WhiteElo "1961"]
[BlackElo "1947"]
[PlyCount "127"]
[EventDate "2007.10.28"]
[EventType "team-tourn"]
[EventRounds "11"]
[EventCountry "CZE"]
[SourceTitle "EXT 2024"]
[Source "ChessBase"]
[SourceDate "2023.10.10"]
[SourceVersion "1"]
[SourceVersionDate "2023.10.10"]
[SourceQuality "1"]

1. e4 e5 2. Nf3 Nc6 3. d4 exd4 4. Nxd4 Bc5 5. Be3 Qf6 6. c3 Nge7 7. Nc2 Bxe3 8. Nxe3 d6 9. Nd2 0-0 10. Qf3 Qg6 11. Qg3 Be6 12. f4 Qxg3+ 13. hxg3 f5 14. exf5 Nxf5 15. Nxf5 Bxf5 16. Bc4+ Kh8 17. Kf2 d5 18. Bb5 Ne7 19. Rae1 Ng6 20. Be2 Bd7 21. Bh5 Kg8 22. Bxg6 hxg6 23. Re5 c6 24. Nf3 Bf5 25. Rhe1 Rf7 26. Ng5 Rf6 27. Re7 b6 28. Rc7 Be4 29. Nxe4 dxe4 30. Rxe4 g5 31. Kf3 a5 32. Ree7 g6 33. Kg4 gxf4 34. gxf4 Rd8 35. Rcd7 Rxd7 36. Rxd7 Re6 37. Rd2 Kf7 38. Kg5 Ke7 39. g4 b5 40. Rh2 Re4 41. f5 gxf5 42. Kxf5 Re1 43. g5 Kf7 44. Rh7+ Kg8 45. Rc7 Re2 46. Rxc6 Rxb2 47. Kg6 Kf8 48. Rc8+ Ke7 49. Rc5 Kf8 50. a3 b4 51. Rf5+ Ke7 52. cxb4 axb4 53. axb4 Rxb4 54. Kg7 Rh4 55. Re5+ Kd6 56. Re3 Rh2 57. g6 Rh1 58. Kg8 Rh2 59. g7 Rg2 60. Kf7 Rf2+ 61. Ke8 Rg2 62. Re7 Rg1 63. Kf8 Rg2 64. Rf7 1-0

[Event "Moravia-Silesia Region-chT 0708"]
[Site "Czech Republic"]
[Date "2008.??.??"]
[Round "5.5"]
[White "Vitasek, Jan"]
[Black "Vicha, Martin"]
[Result "1-0"]
[WhiteElo "2109"]
[BlackElo "1947"]
[PlyCount "111"]
[EventDate "2007.10.28"]
[EventType "team-tourn"]
[EventRounds "11"]
[EventCountry "CZE"]
[SourceTitle "EXT 2024"]
[Source "ChessBase"]
[SourceDate "2023.10.10"]
[SourceVersion "1"]
[SourceVersionDate "2023.10.10"]
[SourceQuality "1"]

1. e4 e5 2. Nf3 Nc6 3. Bb5 Bc5 4. c3 Nge7 5. 0-0 a6 6. Ba4 b5 7. Bc2 d6 8. b4 Ba7 9. a4 Bg4 10. Kh1 Ng6 11. h3 Bxf3 12. Qxf3 Nce7 13. Na3 Qd7 14. axb5 0-0 15. bxa6 Nf4 16. Nc4 Neg6 17. Qg4 Qd8 18. d4 h5 19. Qg3 Ne2 20. Qf3 Nxc1 21. dxe5 dxe5 22. Raxc1 Qg5 23. Qg3 Qh6 24. Ra1 Rfd8 25. Ra5 h4 26. Qf3 f6 27. Ne3 Rd2 28. Bb3+ Kh7 29. Rd5 Rb2 30. Bc4 Bxe3 31. fxe3 Rc2 32. Rd3 Qg5 33. b5 Kh6 34. Bb3 Rb2 35. c4 Qg3 36. c5 Ra7 37. Bc4 Rb4 38. Rc3 Nf8 39. Bd3 Ne6 40. Qxg3 hxg3 41. Rf3 Ng5 42. Rxg3 Nxe4 43. Bxe4 Rxe4 44. Rg4 Rxg4 45. hxg4 c6 46. b6 Rxa6 47. Kh2 Ra8 48. Rd3 Ra5 49. Rd8 Rb5 50. Rc8 Kg5 51. Rxc6 Kxg4 52. Rc7 g5 53. b7 f5 54. c6 f4 55. Rc8 Rb2 56. b8Q 1-0

[Event "Ostrava Konik op-B"]
[Site "Ostrava"]
[Date "2007.05.??"]
[Round "3"]
[White "Macalka, Frantisek"]
[Black "Vicha, Martin"]
[Result "0-1"]
[WhiteElo "1685"]
[BlackElo "1890"]
[PlyCount "106"]
[EventDate "2007.05.??"]
[EventType "swiss"]
[EventRounds "9"]
[EventCountry "CZE"]
[SourceTitle "EXT 2010"]
[Source "ChessBase"]
[SourceDate "2010.11.25"]
[SourceVersion "1"]
[SourceVersionDate "2010.11.25"]
[SourceQuality "1"]

1. g3 d5 2. d4 c5 3. Bg2 Nf6 4. Nf3 Nc6 5. c3 e6 6. Bg5 h6 7. Bxf6 Qxf6 8. 0-0 Rb8 9. e3 c4 10. Qc2 b5 11. Nbd2 Bd6 12. b4 Qe7 13. e4 dxe4 14. Nxe4 Bxb4 15. cxb4 Nxb4 16. Qd2 0-0 17. Nc3 Nd3 18. Ne1 Nxe1 19. Rfxe1 b4 20. Ne4 Rd8 21. Qe3 a5 22. Nc5 Qd6 23. Rad1 c3 24. Be4 Ba6 25. Bc2 Bc4 26. Bb3 Bd5 27. Qe5 Qb6 28. Na4 Qa7 29. Qe3 Rd6 30. Nc5 Rbd8 31. Re2 Rc6 32. Qc1 Bf3 33. Ree1 Bxd1 34. Rxd1 e5 35. Ba4 Rcd6 36. Nb3 exd4 37. Rd3 Qb6 38. Qd1 Rd5 39. Nc1 Kh8 40. Ne2 R5d6 41. h4 Qc5 42. Bb3 Qa7 43. Nf4 g6 44. Qf3 Kg7 45. Qe4 Kh7 46. Nd5 a4 47. Bc4 c2 48. Qf4 Rxd5 49. Bxd5 Rxd5 50. Qd2 Qc7 51. Qc1 b3 52. axb3 axb3 53. Rxb3 d3 0-1

[Event "Olomouc op"]
[Site "Olomouc"]
[Date "2006.08.03"]
[Round "1"]
[White "Vicha, Martin"]
[Black "Pakhomov, Alexey"]
[Result "0-1"]
[WhiteElo "1941"]
[BlackElo "2523"]
[PlyCount "83"]
[EventDate "2006.08.03"]
[EventType "swiss"]
[EventRounds "9"]
[EventCountry "CZE"]
[SourceTitle "CBM 113 Extra"]
[Source "ChessBase"]
[SourceDate "2006.09.14"]
[SourceVersion "1"]
[SourceVersionDate "2006.09.14"]
[SourceQuality "1"]

1. e4 Nf6 2. Nc3 d5 3. e5 d4 4. exf6 dxc3 5. fxg7 cxd2+ 6. Qxd2 Qxd2+ 7. Bxd2 Bxg7 8. c3 Nc6 9. Nf3 Bf5 10. Be2 0-0-0 11. Be3 a6 12. 0-0 h6 13. Bc4 e6 14. Rad1 Bc2 15. Rxd8+ Rxd8 16. Rc1 Na5 17. Be2 Bd3 18. Kf1 Bxe2+ 19. Kxe2 Nc4 20. Rc2 b5 21. g3 Kb7 22. h4 Rd5 23. b3 Nxe3 24. Kxe3 Rd1 25. c4 Kb6 26. cxb5 axb5 27. a4 c5 28. axb5 Kxb5 29. Rc4 Rb1 30. Nd2 Rxb3+ 31. Nxb3 Kxc4 32. Nd2+ Kd5 33. Kd3 Bd4 34. f3 f5 35. g4 fxg4 36. fxg4 e5 37. g5 hxg5 38. hxg5 c4+ 39. Kc2 e4 40. Nb1 e3 41. Nc3+ Bxc3 42. Kxc3 0-1

[Event "Ostrava SMP op"]
[Site "Ostrava"]
[Date "2006.05.05"]
[Round "7"]
[White "Vicha, Martin"]
[Black "Halamka, Vaclav"]
[Result "1-0"]
[WhiteElo "1902"]
[BlackElo "1736"]
[PlyCount "63"]
[EventDate "2006.04.29"]
[EventType "swiss"]
[EventRounds "9"]
[EventCountry "CZE"]
[SourceTitle "EXT 2008"]
[Source "ChessBase"]
[SourceDate "2007.11.25"]
[SourceVersion "1"]
[SourceVersionDate "2007.11.25"]
[SourceQuality "1"]

1. e4 e6 2. d4 d5 3. e5 c5 4. c3 Nc6 5. Nf3 h6 6. g3 cxd4 7. cxd4 Bb4+ 8. Bd2 Qa5 9. Nc3 Nge7 10. a3 Bxc3 11. Bxc3 Qb6 12. Bd3 Bd7 13. 0-0 a6 14. Kh1 g6 15. Bc2 Qd8 16. Ne1 Nf5 17. Ng2 Qe7 18. Qd2 g5 19. f4 0-0-0 20. b4 Na7 21. a4 b6 22. b5 Nxb5 23. Bb4 Qe8 24. Bxf5 exf5 25. axb5 Bxb5 26. Rfc1+ Kb7 27. fxg5 Bc4 28. gxh6 Qe6 29. Ne3 b5 30. Nxc4 dxc4 31. Bd6 Rxh6 32. Qg2+ 1-0

[Event "Ostrava SMP op"]
[Site "Ostrava"]
[Date "2006.05.03"]
[Round "5"]
[White "Vicha, Martin"]
[Black "Bok, Tomas"]
[Result "1-0"]
[WhiteElo "1902"]
[BlackElo "1734"]
[PlyCount "129"]
[EventDate "2006.04.29"]
[EventType "swiss"]
[EventRounds "9"]
[EventCountry "CZE"]
[SourceTitle "EXT 2008"]
[Source "ChessBase"]
[SourceDate "2007.11.25"]
[SourceVersion "1"]
[SourceVersionDate "2007.11.25"]
[SourceQuality "1"]

1. e4 d5 2. exd5 Qxd5 3. Nf3 Nf6 4. Nc3 Qa5 5. Be2 Bf5 6. 0-0 e6 7. a3 c6 8. Rb1 Bd6 9. b4 Qc7 10. b5 Nbd7 11. h3 h6 12. Nd4 Bh7 13. Kh1 c5 14. Nb3 0-0 15. d3 Nd5 16. Nxd5 exd5 17. Bf3 Nb6 18. Bb2 Bf5 19. Bg4 Qd7 20. Nd2 Bxg4 21. hxg4 f5 22. g5 Qe7 23. Nf3 hxg5 24. Re1 Qd8 25. Be5 Be7 26. Qe2 g4 27. Nd2 Bf6 28. f4 Bh4 29. Red1 Bg3 30. Nf1 Qh4+ 31. Kg1 Kf7 32. Qe3 Bh2+ 33. Nxh2 Rh8 34. Nf1 d4 35. Qg3 Qh6 36. c3 Nd5 37. cxd4 Nc3 38. Kf2 c4 39. Nd2 Nxb1 40. Rxb1 c3 41. Nc4 c2 42. Rc1 Qh1 43. Rxc2 Qd1 44. Rb2 Qa1 45. d5 Rh1 46. Ke3 Qc1+ 47. Kd4 Qd1 48. Qf2 b6 49. Qe2 Qc1 50. Nd6+ Kg6 51. Nxf5 Qg1+ 52. Ne3 Rh4 53. Qc2 Rf8 54. Qf2 Qh1 55. Rc2 Rh5 56. Rc6+ Kh7 57. Nxg4 Qa1+ 58. Ke4 Qxa3 59. Rc7 Qb4+ 60. Qd4 Qe1+ 61. Ne3 Rhf5 62. Rxg7+ Kh6 63. Rxa7 Kh5 64. Ra1 Rxe5+ 65. Qxe5+ 1-0

[Event "Ostrava SMP op"]
[Site "Ostrava"]
[Date "2006.05.01"]
[Round "3"]
[White "Vicha, Martin"]
[Black "Kacir, Tomas"]
[Result "1/2-1/2"]
[WhiteElo "1902"]
[BlackElo "1551"]
[PlyCount "84"]
[EventDate "2006.04.29"]
[EventType "swiss"]
[EventRounds "9"]
[EventCountry "CZE"]
[SourceTitle "EXT 2008"]
[Source "ChessBase"]
[SourceDate "2007.11.25"]
[SourceVersion "1"]
[SourceVersionDate "2007.11.25"]
[SourceQuality "1"]

1. d4 d5 2. Nf3 Nf6 3. g3 b6 4. Bg2 Bb7 5. 0-0 e6 6. Bg5 Be7 7. c4 0-0 8. cxd5 exd5 9. Nc3 Nbd7 10. Qb3 c5 11. e3 c4 12. Qc2 a6 13. Ne5 b5 14. a3 h6 15. Nxd7 Qxd7 16. Bxf6 Bxf6 17. Rfe1 g5 18. Rad1 Rae8 19. e4 dxe4 20. Nxe4 Bxe4 21. Rxe4 Rxe4 22. Qxe4 Re8 23. Qb7 Qxb7 24. Bxb7 Rd8 25. Bxa6 Rxd4 26. Rxd4 Bxd4 27. Bxb5 Bxb2 28. a4 c3 29. Bd3 Ba3 30. Kf1 Kf8 31. Ke2 Bb4 32. Kf3 Ke7 33. Ke4 Ke6 34. Bc4+ Kd6 35. Bb3 Ke7 36. Kf5 Ba5 37. f4 gxf4 38. Kxf4 Kf6 39. h3 Bc7+ 40. Kf3 Ke5 41. h4 Bb6 42. g4 f6 1/2-1/2